| 000 | 00367nam a2200145Ia 4500 | ||
|---|---|---|---|
| 008 | 191201s2008 xx 000 0 und d | ||
| 082 |
_a006.7 _bJEM |
||
| 100 | _aJEFFCOATE, Judith | ||
| 245 | 0 | _aMultimedia in Practice: Technology and Application | |
| 250 | _aImp. 3 | ||
| 260 |
_aN.Delhi _bPearson _c2008 |
||
| 300 | _a238 | ||
| 650 | _aB.Tech(IT) | ||
| 942 |
_2ddc _cBK |
||
| 999 |
_c4009 _d4009 |
||